000
00181nam a2200073Ia 4500
008
170817s9999 xx 000 0 und d
100
_a
Chitkara.M.G
245
0
_a
Educatin And Human Values
260
_b
A. P. H. PUB.
999
_c
38553
_d
38553